000 00309nam a22001337a 4500
020 _a978-8123904986
041 _aENG
100 _aBaianu.I.C
245 _aPhysical Chemistry Of Food Processes Vol 1
260 _aNew Delhi
_bCBS Publishers
_c1997
300 _a368
650 _aAPE
856 _uAPE ( 03 )
999 _c1713
_d1713